[Event "Riga Open 2015"]
[Site "Riga LAT"]
[Date "2015.08.15"]
[Round "8"]
[White "Shirov, Alexei"]
[Black "Kovalenko, Igor"]
[Result "1/2-1/2"]
[WhiteElo "2702"]
[BlackElo "2702"]
[PlyCount "110"]
[EventDate "2015.08.10"]

1. e4 c6 2. d4 d5 3. e5 Bf5 4. Nf3 e6 5. Be2 Nd7 6. O-O h6 7. b3 Ne7 8. c4 Ng6
9. Na3 Bb4 10. Nc2 Bc3 11. Rb1 O-O 12. Bd3 Be4 13. Bxe4 dxe4 14. Nd2 Bxd2 15.
Qxd2 c5 16. Ba3 Qh4 17. g3 Qh3 18. Qe2 cxd4 19. Nxd4 Ndxe5 20. f4 Rfd8 21. fxe5
Rxd4 22. Bc5 Rd3 23. Qxe4 Rd2 24. Rf2 Rad8 25. Rbf1 Rxf2 26. Bxf2 a6 27. a4 a5
28. Qe2 Qf5 29. Bb6 Qd3 30. Qxd3 Rxd3 31. Rb1 Nxe5 32. Bxa5 Nf3+ 33. Kf2 e5 34.
b4 e4 35. b5 Ne5 36. c5 Rd5 37. c6 bxc6 38. Bc7 cxb5 39. axb5 Rd2+ 40. Ke3 Nc4+
41. Kxe4 Na3 42. Rb3 Nxb5 43. Rxb5 Rxh2 44. Rf5 Re2+ 45. Kf3 Re7 46. Rc5 Kh7
47. Bf4 Re8 48. Rc6 Ra8 49. Be5 Ra5 50. Ke4 Rb5 51. Rc8 Ra5 52. Rf8 Ra7 53. Kf5
Rd7 54. Rc8 Rd5 55. Ke4 Ra5 1/2-1/2

[Event "Li Chao - Leko (match) 2015"]
[Site "Szeged HUN"]
[Date "2015.08.14"]
[Round "1"]
[White "Li, Chao b"]
[Black "Leko, Peter"]
[Result "1/2-1/2"]
[WhiteElo "2748"]
[BlackElo "2714"]
[PlyCount "42"]
[EventDate "2015.08.14"]

1. c4 c5 2. Nf3 Nf6 3. Nc3 Nc6 4. g3 d5 5. cxd5 Nxd5 6. Bg2 g6 7. d4 Bg7 8. O-O
Nxc3 9. bxc3 cxd4 10. Nxd4 Nxd4 11. cxd4 Qxd4 12. Rb1 O-O 13. Bf4 Be6 14. Rxb7
Bxa2 15. Rd7 Qxd1 16. Rfxd1 Rae8 17. Rxa7 Bc4 18. Rc1 Bxe2 19. Bc6 Rd8 20. Rxe7
Bg4 21. Kg2 Bf6 1/2-1/2

[Event "Li Chao - Leko (match) 2015"]
[Site "Szeged HUN"]
[Date "2015.08.15"]
[Round "2"]
[White "Leko, Peter"]
[Black "Li, Chao b"]
[Result "1/2-1/2"]
[WhiteElo "2714"]
[BlackElo "2748"]
[PlyCount "84"]
[EventDate "2015.08.14"]

1. e4 c5 2. Nf3 d6 3. d4 cxd4 4. Nxd4 Nf6 5. Nc3 Bd7 6. Bg5 e6 7. Qd2 h6 8.
Bxf6 Qxf6 9. Ndb5 Bxb5 10. Bxb5+ Nc6 11. O-O-O a6 12. Bxc6+ bxc6 13. f4 Qd8 14.
g4 Qa5 15. h4 Rb8 16. Kb1 d5 17. Qd3 Bd6 18. Ne2 O-O 19. b3 Rb4 20. e5 Bc5 21.
Qf3 Rfb8 22. g5 h5 23. g6 fxg6 24. Qg2 Re4 25. Nc1 Qc7 26. Nd3 Be3 27. Rde1 c5
28. Rh3 c4 29. Rhxe3 cxd3 30. Rxe4 dxe4 31. Rxe4 Rd8 32. Qd2 Qc6 33. Re1 Qf3
34. c4 Qg3 35. c5 Qxh4 36. c6 Qe7 37. Rc1 h4 38. Rc3 Qc7 39. Rxd3 Rxd3 40. Qxd3
Qxc6 41. Qd8+ Kf7 42. Qxh4 Qe4+ 1/2-1/2

[Event "Riga Open 2015"]
[Site "Riga LAT"]
[Date "2015.08.16"]
[Round "9"]
[White "Baron, Tal"]
[Black "Shirov, Alexei"]
[Result "0-1"]
[WhiteElo "2524"]
[BlackElo "2702"]
[PlyCount "56"]
[EventDate "2015.08.10"]

1. d4 d5 2. c4 c6 3. Nf3 Nf6 4. Nc3 e6 5. g3 dxc4 6. Bg2 b5 7. O-O Bb7 8. Ne5
a6 9. b3 b4 10. Ne4 Nxe4 11. Bxe4 c3 12. a3 a5 13. axb4 axb4 14. Bf4 Nd7 15.
Bxc6 Bxc6 16. Nxc6 Qc8 17. Na5 Be7 18. d5 O-O 19. e4 exd5 20. exd5 Bc5 21. Qd3
Nf6 22. Qc4 Qh3 23. Qxc5 Ng4 24. Rfe1 Rfe8 25. Rxe8+ Rxe8 26. Be3 Nxh2 27. f3
Qxg3+ 28. Kh1 Nxf3 0-1

[Event "Riga Open 2015"]
[Site "Riga LAT"]
[Date "2015.08.16"]
[Round "9"]
[White "Kovalenko, Igor"]
[Black "Ziska, Helgi Dam"]
[Result "1-0"]
[WhiteElo "2702"]
[BlackElo "2515"]
[PlyCount "135"]
[EventDate "2015.08.10"]

1. c4 g6 2. g3 Bg7 3. Bg2 d6 4. Nc3 c5 5. Nf3 Nc6 6. a3 e5 7. O-O a5 8. d3 Nge7
9. Rb1 O-O 10. Bg5 f6 11. Bd2 Be6 12. Ne1 Kh8 13. Nd5 Bxd5 14. cxd5 Nd4 15. a4
Ndf5 16. Nc2 Bh6 17. e3 Ng7 18. Bc3 Ne8 19. Na3 b6 20. Qb3 Bg7 21. Nc4 Rb8 22.
d4 Nf5 23. dxe5 dxe5 24. d6 Nfxd6 25. Rbd1 Qc7 26. Rd2 Nxc4 27. Qxc4 Rd8 28.
Rfd1 Rxd2 29. Rxd2 Nd6 30. Qe6 Rd8 31. g4 Qd7 32. Qb3 Qc7 33. h4 c4 34. Qd1 f5
35. e4 fxg4 36. Qxg4 Qe7 37. Rd5 Rf8 38. Qg5 Qxg5 39. hxg5 Nb7 40. Bf1 Nc5 41.
Bxa5 Nxa4 42. Bb4 Nxb2 43. Rd2 c3 44. Rc2 Rc8 45. Bb5 Nd1 46. Be2 Nb2 47. Ba6
Ra8 48. Rxc3 Na4 49. Rc7 Nc5 50. Bb7 Nxb7 51. Rxb7 h6 52. Rxb6 hxg5 53. Rxg6
Kh7 54. Rb6 g4 55. Kg2 Rc8 56. Bd6 Rc4 57. f3 gxf3+ 58. Kxf3 Rc3+ 59. Kg4 Re3
60. Kf5 Rf3+ 61. Ke6 Rf4 62. Kd5 Rh4 63. Rb7 Kg8 64. Rb1 Kf7 65. Ra1 Rh5 66.
Ra7+ Kg8 67. Re7 Rg5 68. Bxe5 1-0

[Event "Russian Superfinal 2015"]
[Site "Chita RUS"]
[Date "2015.08.16"]
[Round "7"]
[White "Khismatullin, Denis"]
[Black "Dubov, Daniil"]
[Result "0-1"]
[WhiteElo "2642"]
[BlackElo "2654"]
[PlyCount "128"]
[EventDate "2015.08.09"]

1. d4 d5 2. c4 c6 3. Nf3 Nf6 4. e3 g6 5. b4 Bg7 6. a4 O-O 7. Nbd2 Ne4 8. Bb2
Bg4 9. Qb3 a5 10. b5 Nd7 11. cxd5 cxd5 12. Qxd5 Nxd2 13. Nxd2 e5 14. Be2 Be6
15. Qe4 Re8 16. d5 Nf6 17. dxe6 Nxe4 18. exf7+ Kxf7 19. Bc4+ Re6 20. Nxe4 Rc8
21. Bxe6+ Kxe6 22. O-O Qd3 23. Ng5+ Kf5 24. h4 Qe2 25. e4+ Kg4 26. Bc1 Rc3 27.
Be3 Kxh4 28. Nf3+ Kh5 29. Rad1 Qc2 30. Rfe1 g5 31. Nh2 Rd3 32. Rc1 Qxa4 33. b6
Kg6 34. Nf1 Qxe4 35. Rc7 a4 36. Rec1 a3 37. R1c4 Qd5 38. R4c5 Qd6 39. Rxb7 a2
40. Rc1 e4 41. Ra7 a1=Q 42. Raxa1 Bxa1 43. Rxa1 Rd1 44. Rxd1 Qxd1 45. b7 Qb1
46. g4 Qxb7 47. Kg2 Qd7 48. Nh2 Qd1 49. Ba7 Kf6 50. Bb6 Ke5 51. Ba7 Kd5 52. Bb6
Kc4 53. Ba7 Kd3 54. Bb6 Ke2 55. Bc5 Qd7 56. Bb6 Qf7 57. Be3 h6 58. Bb6 h5 59.
gxh5 Qxh5 60. Nf1 Qf3+ 61. Kg1 Qh3 62. Ne3 Kf3 63. Bd4 g4 64. Be5 g3 0-1

[Event "Russian Superfinal 2015"]
[Site "Chita RUS"]
[Date "2015.08.16"]
[Round "7"]
[White "Lysyj, Igor"]
[Black "Vitiugov, Nikita"]
[Result "1/2-1/2"]
[WhiteElo "2673"]
[BlackElo "2719"]
[PlyCount "81"]
[EventDate "2015.08.09"]

1. d4 d5 2. c4 c6 3. Nf3 Nf6 4. e3 Bf5 5. Nc3 e6 6. Nh4 Be4 7. f3 Bg6 8. Qb3
Qc7 9. Bd2 Be7 10. g3 O-O 11. Rc1 Qd7 12. cxd5 cxd5 13. Nxg6 hxg6 14. g4 Nc6
15. g5 Ne8 16. f4 Nd6 17. Qd1 Nf5 18. Qf3 Bb4 19. h4 Rfc8 20. h5 Nce7 21. Bd3
a6 22. Kf2 Rc7 23. Rh3 Rac8 24. a3 Bxc3 25. Bxc3 Qa4 26. Qh1 Qb3 27. h6 Rxc3
28. h7+ Kh8 29. bxc3 Rxc3 30. Rxc3 Qxc3 31. Qb1 Qc7 32. Qb4 Nd6 33. Rh1 Qd8 34.
Qc5 b6 35. Qc2 b5 36. Qc5 Nef5 37. Qc6 Nc4 38. Bxc4 bxc4 39. Qxa6 Qb8 40. Kf3
Nxe3 41. Kxe3 1/2-1/2

[Event "Russian Superfinal 2015"]
[Site "Chita RUS"]
[Date "2015.08.16"]
[Round "7"]
[White "Tomashevsky, Evgeny"]
[Black "Khairullin, Ildar"]
[Result "1-0"]
[WhiteElo "2747"]
[BlackElo "2662"]
[PlyCount "119"]
[EventDate "2015.08.09"]

1. d4 Nf6 2. c4 g6 3. Nc3 d5 4. Bg5 Ne4 5. Bh4 c5 6. cxd5 Nxc3 7. bxc3 Qxd5 8.
e3 Bg7 9. Nf3 Nc6 10. Be2 cxd4 11. cxd4 O-O 12. O-O Bf5 13. h3 Rac8 14. Qb3
Qxb3 15. axb3 a6 16. g4 Be4 17. Nd2 Bd5 18. Nc4 Rcd8 19. Rac1 Rfe8 20. Rfd1 Nb4
21. Nb6 Bxb3 22. Rd2 Rd6 23. Nc8 Rc6 24. Nxe7+ Rxe7 25. Rb1 Bf6 26. Bxf6 Rxf6
27. Rxb3 Nd5 28. Kg2 b5 29. Bf3 Nb6 30. Ra2 Na4 31. Rc2 Rd6 32. g5 Kg7 33. h4
h6 34. Kg3 hxg5 35. hxg5 f6 36. gxf6+ Rxf6 37. Ra3 Rd6 38. Bd1 Ra7 39. Rca2 Nc5
40. Bc2 Ne6 41. Ra5 Nc7 42. Be4 Rb6 43. Kf3 Ne8 44. Ke2 Re7 45. Kd3 Nc7 46. f3
Rd7 47. Rc2 Ne6 48. Ra1 Kf6 49. Rg1 Rg7 50. Rgc1 Rd6 51. Rc8 Rgd7 52. Rg1 Rg7
53. Kd2 g5 54. Kc3 a5 55. Ra8 Rc7+ 56. Kb2 a4 57. Rh1 Rc4 58. Rh6+ Ke7 59. Rh7+
Kf6 60. Rg8 1-0

[Event "Russian Superfinal 2015"]
[Site "Chita RUS"]
[Date "2015.08.16"]
[Round "7"]
[White "Karjakin, Sergey"]
[Black "Artemiev, Vladislav"]
[Result "1-0"]
[WhiteElo "2753"]
[BlackElo "2671"]
[PlyCount "105"]
[EventDate "2015.08.09"]

1. e4 c5 2. Nf3 d6 3. d4 cxd4 4. Nxd4 Nf6 5. Nc3 a6 6. f3 Qb6 7. g4 e6 8. a3
Nc6 9. Be3 Nd7 10. Qd2 Nxd4 11. Bxd4 Qa5 12. O-O-O b5 13. f4 Rb8 14. Kb1 e5 15.
fxe5 dxe5 16. Be3 Nf6 17. Bg5 Be7 18. Bxf6 Bxf6 19. g5 Be7 20. h4 Be6 21. Bh3
Rd8 22. Qh2 Qc7 23. Rxd8+ Bxd8 24. Rd1 O-O 25. Nd5 Qc4 26. Nc3 Bc7 27. Qg3 b4
28. axb4 Qxb4 29. Bxe6 fxe6 30. h5 Rb8 31. b3 Qe7 32. g6 Kh8 33. Qd3 Ba5 34.
Rf1 Rd8 35. Qc4 Qe8 36. Rf7 Rc8 37. Qf1 h6 38. Na4 Bb4 39. Qxa6 Qd8 40. Qd3 Qh4
41. Kb2 Qxh5 42. Rb7 Ba5 43. Ra7 Be1 44. Qd7 Rg8 45. Qf7 Bb4 46. Rb7 Bf8 47.
Qxe6 Qg5 48. Nc3 Qg1 49. b4 Qd4 50. Kb3 Qd8 51. Nd5 Bxb4 52. Nxb4 Qa8 53. Qf7
1-0

[Event "Russian Superfinal 2015"]
[Site "Chita RUS"]
[Date "2015.08.16"]
[Round "7"]
[White "Jakovenko, Dmitry"]
[Black "Motylev, Alexander"]
[Result "1/2-1/2"]
[WhiteElo "2759"]
[BlackElo "2658"]
[PlyCount "55"]
[EventDate "2015.08.09"]

1. d4 d5 2. c4 c6 3. Nf3 Nf6 4. e3 Bf5 5. Nc3 a6 6. Bd2 e6 7. Qb3 Qc7 8. Nh4
Be4 9. f3 dxc4 10. Qxc4 Bg6 11. Rc1 b5 12. Qe2 c5 13. g4 Nc6 14. dxc5 Rd8 15.
Nxg6 hxg6 16. g5 Nd7 17. Ne4 Nce5 18. b4 f5 19. gxf6 Nxf6 20. Nxf6+ gxf6 21.
Qg2 Qc6 22. Bc3 Rh5 23. Bxe5 Rxe5 24. Qxg6+ Ke7 25. Qh7+ Ke8 26. Qg6+ Ke7 27.
Qh7+ Ke8 28. Qg6+ 1/2-1/2

[Event "Russian Superfinal 2015"]
[Site "Chita RUS"]
[Date "2015.08.16"]
[Round "7"]
[White "Bukavshin, Ivan"]
[Black "Svidler, Peter"]
[Result "1/2-1/2"]
[WhiteElo "2655"]
[BlackElo "2739"]
[PlyCount "113"]
[EventDate "2015.08.09"]

1. d4 Nf6 2. c4 g6 3. Nc3 d5 4. Nf3 Bg7 5. Qb3 dxc4 6. Qxc4 O-O 7. e4 Bg4 8.
Be3 Nfd7 9. Nd2 Nb6 10. Qc5 c6 11. f3 Be6 12. O-O-O f5 13. e5 N8d7 14. Qa3 Nd5
15. Nxd5 Bxd5 16. h4 h6 17. Nb1 Nb6 18. Nc3 Be6 19. Kb1 Qd7 20. Bd3 Nd5 21.
Nxd5 Bxd5 22. Ka1 e6 23. Qc5 Rf7 24. Qc1 Kh7 25. Rh3 c5 26. dxc5 Qa4 27. Bb1
Bxe5 28. Bxh6 Rc8 29. Be3 Rc6 30. h5 g5 31. Rhh1 Bb3 32. Bxg5 Ra6 33. Rh4 Qa5
34. Bd2 Qd8 35. Re1 Rd7 36. Rb4 Bxa2 37. Bxa2 Qa5 38. Qc4 Rxd2 39. Rxb7+ Kh8
40. Rb5 Qa3 41. Rb8+ Kh7 42. Rb7+ Kh6 43. Qf4+ Bxf4 44. bxa3 Rxa3 45. Rb2 Kxh5
46. Rxd2 Bxd2 47. Rxe6 Be3 48. c6 Bd4+ 49. Kb1 Rc3 50. Bd5 Rc5 51. Bb3 Kg5 52.
Bd1 Kf4 53. g4 Be5 54. gxf5 Kxf5 55. Rh6 Kg5 56. Re6 Kf5 57. Rh6 1/2-1/2

[Event "Spanish League 2015"]
[Site "Linares ESP"]
[Date "2015.08.16"]
[Round "2"]
[White "Kryvoruchko, Yuriy"]
[Black "Granda Zuniga, Julio E"]
[Result "1-0"]
[WhiteElo "2697"]
[BlackElo "2663"]
[PlyCount "61"]
[EventDate "2015.08.15"]
[WhiteTeam "Merida Patrimonio Humanidad"]
[BlackTeam "Ajedrez Collado Villalba"]

1. e4 e5 2. Nf3 Nc6 3. Bc4 Bc5 4. c3 Nf6 5. d3 O-O 6. O-O d6 7. Nbd2 a6 8. Bb3
Ba7 9. h3 Ne7 10. Re1 Ng6 11. Nf1 Be6 12. Ng3 h6 13. d4 Qd7 14. Bc2 c6 15. Be3
Rfd8 16. Qd2 Qe8 17. Rad1 Bb6 18. c4 Bxc4 19. Qc3 exd4 20. Nxd4 d5 21. exd5
Bxd5 22. Bxh6 Qf8 23. Ndf5 Qc5 24. Qxc5 Bxc5 25. Bxg7 Ne8 26. Bc3 Nf4 27. Ne4
Bxe4 28. Rxe4 Rxd1+ 29. Bxd1 Nd5 30. Rg4+ Kh7 31. Be5 1-0

[Event "Spanish League 2015"]
[Site "Linares ESP"]
[Date "2015.08.16"]
[Round "2"]
[White "Sargissian, Gabriel"]
[Black "Dominguez Perez, Leinier"]
[Result "1-0"]
[WhiteElo "2673"]
[BlackElo "2736"]
[PlyCount "121"]
[EventDate "2015.08.15"]
[WhiteTeam "Magic Extremadura"]
[BlackTeam "Sestao Fundacion EDP"]

1. d4 Nf6 2. c4 g6 3. Nf3 Bg7 4. g3 c6 5. Bg2 d5 6. Nbd2 O-O 7. O-O Bf5 8. b3
Ne4 9. Bb2 Qa5 10. Qc1 Nd7 11. Rd1 Bg4 12. h3 Be6 13. Nxe4 dxe4 14. Bc3 Qa6 15.
Ng5 Bh6 16. Bd2 Bxg5 17. Bxg5 Nf6 18. Qf4 b5 19. Bxf6 exf6 20. Qxe4 bxc4 21.
Qxc6 Qa3 22. Qc5 Qxc5 23. dxc5 Rac8 24. c6 Rc7 25. bxc4 Bxc4 26. e3 Rfc8 27.
Rd4 Be6 28. a3 Rb8 29. Rad1 Kf8 30. Rd8+ Rxd8 31. Rxd8+ Ke7 32. Rd4 f5 33. g4
fxg4 34. hxg4 f6 35. Kh2 Bf7 36. Kg3 Be8 37. Re4+ Kf7 38. f4 Rc8 39. Ra4 Rc7
40. f5 Kf8 41. Rc4 Bf7 42. Rb4 Ke7 43. fxg6 hxg6 44. Rb7 Kd6 45. Rxc7 Kxc7 46.
g5 fxg5 47. Kg4 a5 48. Kxg5 a4 49. Kf6 Be8 50. Be4 Bxc6 51. Bxg6 Kd6 52. e4 Kc5
53. e5 Kc4 54. Bf7+ Kc3 55. Ke7 Bf3 56. Kd6 Bd1 57. Kc5 Bb3 58. Be8 Kd3 59. Bd7
Bd1 60. e6 Bg4 61. Bb5+ 1-0

[Event "Spanish League 2015"]
[Site "Linares ESP"]
[Date "2015.08.16"]
[Round "2"]
[White "Ponomariov, Ruslan"]
[Black "Oparin, Grigoriy"]
[Result "1/2-1/2"]
[WhiteElo "2711"]
[BlackElo "2564"]
[PlyCount "154"]
[EventDate "2015.08.15"]
[WhiteTeam "Sestao Fundacion EDP"]
[BlackTeam "Magic Extremadura"]

1. d4 Nf6 2. c4 e6 3. g3 d5 4. Bg2 Bb4+ 5. Bd2 Be7 6. Nf3 O-O 7. O-O c6 8. Qc2
b6 9. Rd1 Nbd7 10. Bf4 Bb7 11. Ne5 Nh5 12. Bd2 Nhf6 13. cxd5 cxd5 14. Nc6 Bxc6
15. Qxc6 Ne8 16. Nc3 Nd6 17. e4 Rc8 18. Qa4 dxe4 19. Nxe4 Nxe4 20. Bxe4 Nf6 21.
Bg2 Qd7 22. Qxd7 Nxd7 23. d5 exd5 24. Bxd5 Bf6 25. Rab1 Rfd8 26. b3 Ne5 27. Be1
Rc2 28. a4 g6 29. Kf1 Kg7 30. h3 g5 31. Be4 Rxd1 32. Rxd1 Rb2 33. Bd5 h5 34. a5
bxa5 35. Bxa5 Rc2 36. Bd2 Ng6 37. Be3 a5 38. Bb6 Ne7 39. Bf3 g4 40. hxg4 hxg4
41. Bxg4 Rb2 42. Bxa5 Rxb3 43. Bd2 Ra3 44. Kg2 Ra1 45. Bc1 Nc6 46. Rh1 Kg8 47.
Bf5 Nb4 48. Bh7+ Kg7 49. Be4 Kg8 50. g4 Na2 51. Be3 Rxh1 52. Kxh1 Nc3 53. Bc6
Ne2 54. Kg2 Be5 55. Bb5 Nf4+ 56. Kf3 Nd5 57. Bd2 Kg7 58. Bc4 Ne7 59. Ke4 Bb2
60. f4 Ng6 61. Bb4 f6 62. Bd6 Bc1 63. Kf5 Bd2 64. Bb5 Bc1 65. Be8 Nh4+ 66. Ke6
Ng2 67. f5 Nf4+ 68. Ke7 Nd5+ 69. Kd8 Bf4 70. Ba3 Kh6 71. Kd7 Kg5 72. Bh5 Be3
73. Ke6 Nf4+ 74. Kf7 Nxh5 75. gxh5 Kxf5 76. Kg7 Kg4 77. Kg6 f5 1/2-1/2

[Event "Spanish League 2015"]
[Site "Linares ESP"]
[Date "2015.08.16"]
[Round "2"]
[White "Svetushkin, Dmitry"]
[Black "Fressinet, Laurent"]
[Result "1/2-1/2"]
[WhiteElo "2580"]
[BlackElo "2710"]
[PlyCount "83"]
[EventDate "2015.08.15"]
[WhiteTeam "Magic Extremadura"]
[BlackTeam "Sestao Fundacion EDP"]

1. e4 c5 2. Nf3 Nc6 3. d4 cxd4 4. Nxd4 Nf6 5. Nc3 e5 6. Ndb5 d6 7. Bg5 a6 8.
Na3 b5 9. Nd5 Be7 10. Bxf6 Bxf6 11. c4 b4 12. Nc2 O-O 13. h4 a5 14. g3 a4 15.
Bg2 Be6 16. O-O Bxd5 17. cxd5 Nd4 18. Rc1 Qb6 19. Nxd4 Qxd4 20. Qe2 a3 21. b3
Rac8 22. Rc6 Qb2 23. Qc4 Ra8 24. Qc2 Rfd8 25. Rb1 Qxc2 26. Rxc2 g5 27. hxg5
Bxg5 28. Bh3 Ra5 29. Rd1 Rb8 30. Bf1 Kf8 31. Rc6 Ke7 32. Rc7+ Ke8 33. Rc6 Ke7
34. Bc4 Ra7 35. Kg2 h5 36. Kf3 Rab7 37. Ba6 Ra7 38. Bc8 Kd8 39. Bf5 Ke7 40. Ke2
Rh8 41. Rh1 h4 42. gxh4 1/2-1/2

[Event "Spanish League 2015"]
[Site "Linares ESP"]
[Date "2015.08.16"]
[Round "2"]
[White "Harikrishna, Pentala"]
[Black "Rakhmanov, Aleksandr"]
[Result "0-1"]
[WhiteElo "2740"]
[BlackElo "2620"]
[PlyCount "170"]
[EventDate "2015.08.15"]
[WhiteTeam "Solvay"]
[BlackTeam "Escola d'escacs de Barcelona"]

1. e4 d5 2. exd5 Qxd5 3. Nc3 Qd6 4. d4 Nf6 5. Nf3 g6 6. Bc4 Bg7 7. O-O O-O 8.
h3 c6 9. Re1 Nbd7 10. Qe2 Nb6 11. Bb3 a5 12. a4 Re8 13. Ne4 Nxe4 14. Qxe4 Nd5
15. Qh4 e6 16. c4 Nb4 17. Bg5 Qf8 18. Rad1 f6 19. Be3 b6 20. Qg3 Ra7 21. Bf4
Rd7 22. Bc7 Na6 23. Bf4 c5 24. d5 e5 25. Bd2 e4 26. Nh2 f5 27. Bc3 Nb4 28. f4
Rde7 29. Nf1 Bd7 30. Ne3 Bf6 31. Re2 Qg7 32. Bxf6 Qxf6 33. Rf1 Rg7 34. Qg5 Qd6
35. g4 Qe7 36. Qxe7 Rexe7 37. Rg2 Ref7 38. Bd1 Nd3 39. g5 Kf8 40. b3 Rg8 41.
Be2 Nb4 42. h4 Be8 43. h5 Rd7 44. Kf2 Na6 45. Rh1 Nc7 46. Rgh2 Bf7 47. hxg6
hxg6 48. Rh6 Ne8 49. Nxf5 gxf5 50. Rxb6 Nd6 51. Rc6 Nb7 52. Rhh6 Ke7 53. Ke3
Rb8 54. Bd1 Rg8 55. Rh7 Kd8 56. Ra6 Kc7 57. Rc6+ Kd8 58. Rf6 Bg6 59. Rh6 Rd6
60. Rhxg6 Rxg6 61. Rf8+ Kc7 62. Rxf5 Rg7 63. Kxe4 Rd8 64. Rf6 Re7+ 65. Kf3 Nd6
66. Bc2 Rde8 67. Kg4 Re2 68. Bf5 Rg2+ 69. Kh5 Rh2+ 70. Kg4 Ree2 71. Be6 Reg2+
72. Kf3 Rf2+ 73. Kg4 Rfg2+ 74. Kf3 Rb2 75. Kg4 Rxb3 76. Rh6 Rg2+ 77. Kh5 Rf3
78. Rh7+ Kb6 79. Rh6 Rxf4 80. Bh3 Rh2 81. Rxd6+ Kb7 82. g6 Rxh3+ 83. Kg5 Rxc4
84. Rd7+ Kb6 85. d6 Kc6 0-1

[Event "Li Chao - Leko (match) 2015"]
[Site "?"]
[Date "2015.08.16"]
[Round "3"]
[White "Li, Chao b"]
[Black "Leko, Peter"]
[Result "1-0"]
[WhiteElo "2748"]
[BlackElo "2714"]
[PlyCount "85"]
[EventDate "2015.??.??"]

1. c4 c5 2. Nf3 Nf6 3. Nc3 Nc6 4. g3 d5 5. cxd5 Nxd5 6. Bg2 g6 7. Ne4 Qb6 8.
O-O Bg7 9. Qc2 Bf5 10. d3 Bxe4 11. dxe4 Ndb4 12. Qa4 Qa5 13. Qd1 O-O 14. a3 Na6
15. e5 e6 16. Qc2 Rac8 17. Qe4 c4 18. Bd2 Qb5 19. a4 Qb3 20. Be3 Qb4 21. Rfc1
Na5 22. Bd2 Qb6 23. Bxa5 Qxa5 24. Rxc4 Rxc4 25. Qxc4 Qc7 26. Qxc7 Nxc7 27. Rd1
Nd5 28. e4 Nb4 29. Rd7 a5 30. Rxb7 Nc6 31. Rb5 Rb8 32. Rc5 Rb6 33. Bf1 Bf8 34.
Rb5 Rxb5 35. Bxb5 Nb4 36. Nd2 Be7 37. Kf1 Bd8 38. Ke2 Kf8 39. f4 h5 40. Nc4 Ke7
41. Kd2 Bc7 42. Kc3 Bd8 43. Kd4 1-0

[Event "Russian Superfinal 2015"]
[Site "Chita RUS"]
[Date "2015.08.17"]
[Round "8"]
[White "Dubov, Daniil"]
[Black "Lysyj, I."]
[Result "1/2-1/2"]
[WhiteElo "2654"]
[BlackElo "2673"]
[PlyCount "70"]
[EventDate "2015.08.09"]

1. c4 Nf6 2. Nc3 c5 3. g3 e6 4. Nf3 b6 5. Bg2 Bb7 6. O-O Be7 7. Re1 d5 8. cxd5
Nxd5 9. Nxd5 Qxd5 10. d4 cxd4 11. Qxd4 O-O 12. Bg5 Bxg5 13. Qxd5 Bxd5 14. Nxg5
Bxg2 15. Kxg2 Nc6 16. Rac1 Rac8 17. Red1 Ne5 18. Ne4 h6 19. h3 f5 20. Nd2 Rxc1
21. Rxc1 Rd8 22. Rc2 Rd6 23. Rc8+ Kf7 24. Nf3 Nxf3 25. Rc7+ Kf6 26. exf3 Rd2
27. Rxa7 Rxb2 28. a4 Rb4 29. a5 bxa5 30. Rxa5 g5 31. Ra7 h5 32. Rh7 Kg6 33. Re7
Kf6 34. Rh7 Kg6 35. Re7 Kf6 1/2-1/2

[Event "Russian Superfinal 2015"]
[Site "Chita RUS"]
[Date "2015.08.17"]
[Round "8"]
[White "Khairullin, I."]
[Black "Jakovenko, D."]
[Result "1/2-1/2"]
[WhiteElo "2662"]
[BlackElo "2759"]
[PlyCount "66"]
[EventDate "2015.08.09"]

1. c4 c5 2. Nf3 Nf6 3. g3 g6 4. Bg2 Bg7 5. Nc3 O-O 6. O-O d5 7. cxd5 Nxd5 8.
Nxd5 Qxd5 9. d4 cxd4 10. Be3 Qb5 11. Nxd4 Qxb2 12. Qa4 Bd7 13. Qc4 Nc6 14. Rab1
Qa3 15. Rxb7 Na5 16. Qa6 Bc8 17. Nb3 Bc3 18. Nxa5 Bxb7 19. Bxb7 Qxa5 20. Qxa5
Bxa5 21. Bxa8 Rxa8 22. Rb1 Bb6 23. Rb3 Kf8 24. Bxb6 axb6 25. Rxb6 Rxa2 26. e3
e6 27. h4 h5 28. Kg2 Kg7 29. Kf3 Rc2 30. Ra6 Rd2 31. Rb6 Rc2 32. Ra6 Rd2 33.
Rb6 Rc2 1/2-1/2

[Event "Russian Superfinal 2015"]
[Site "Chita RUS"]
[Date "2015.08.17"]
[Round "8"]
[White "Artemiev, V."]
[Black "Tomashevsky, E."]
[Result "1/2-1/2"]
[WhiteElo "2671"]
[BlackElo "2747"]
[PlyCount "58"]
[EventDate "2015.08.09"]

1. e4 e5 2. Nf3 Nc6 3. Nc3 Nf6 4. Bb5 Bb4 5. O-O O-O 6. d3 Bxc3 7. bxc3 d6 8.
Bg5 Bd7 9. Rb1 a6 10. Ba4 Rb8 11. Qc1 h6 12. Bh4 Re8 13. Bb3 Na5 14. Re1 Nxb3
15. axb3 Qe7 16. d4 a5 17. Re3 Qe6 18. Qe1 Nh5 19. Qd1 exd4 20. Qxd4 Qg6 21.
Bg3 Nxg3 22. hxg3 Bc6 23. Rbe1 Qg4 24. Qc4 Qe6 25. Qd3 Qg6 26. Nd4 Bd7 27. Ne2
Bc6 28. Nd4 Bd7 29. Ne2 Bc6 1/2-1/2

[Event "Russian Superfinal 2015"]
[Site "Chita RUS"]
[Date "2015.08.17"]
[Round "8"]
[White "Svidler, P."]
[Black "Vitiugov, N."]
[Result "1/2-1/2"]
[WhiteElo "2739"]
[BlackElo "2719"]
[PlyCount "66"]
[EventDate "2015.08.09"]

1. Nf3 d5 2. g3 c6 3. Bg2 Nf6 4. O-O Bf5 5. c4 e6 6. cxd5 exd5 7. d3 Nbd7 8.
Nc3 Be7 9. e4 dxe4 10. dxe4 Nxe4 11. Nd4 Nxc3 12. bxc3 Bg6 13. Re1 O-O 14. Bxc6
Qc8 15. Bxb7 Qxb7 16. Rxe7 Rfe8 17. Qe2 Rxe7 18. Qxe7 Qd5 19. Be3 Ne5 20. Bf4
Nf3+ 21. Nxf3 Qxf3 22. Re1 h5 23. c4 h4 24. Qe2 Qxe2 25. Rxe2 Bd3 26. Rb2 hxg3
27. hxg3 Bxc4 28. Rb8+ Rxb8 29. Bxb8 Bxa2 30. Bxa7 Bb3 31. Bb6 Ba2 32. Ba7 Bb3
33. Bb6 Ba2 1/2-1/2

[Event "Russian Superfinal 2015"]
[Site "Chita RUS"]
[Date "2015.08.17"]
[Round "8"]
[White "Bukavshin, I."]
[Black "Karjakin, Sergey"]
[Result "1/2-1/2"]
[WhiteElo "2655"]
[BlackElo "2753"]
[PlyCount "81"]
[EventDate "2015.08.09"]

1. d4 Nf6 2. c4 e6 3. Nf3 b6 4. g3 Ba6 5. Qb3 d5 6. cxd5 Qxd5 7. Nc3 Qxb3 8.
axb3 Bb7 9. Bg2 a5 10. O-O Na6 11. Bf4 Nd5 12. Rfc1 Nxf4 13. gxf4 Bd6 14. e3 f6
15. Nb5 Ke7 16. Nd2 Bxg2 17. Kxg2 Rhc8 18. Ne4 Kd7 19. Kf3 Be7 20. h4 Nb4 21.
Rg1 Rg8 22. Rac1 c6 23. Na3 Rad8 24. Ke2 Ke8 25. Nc4 Nd5 26. Ncd2 Nb4 27. Nc4
Nd5 28. h5 Kf7 29. Rg2 Rd7 30. Rcg1 Rdd8 31. Ng3 Rge8 32. Ne4 Rg8 33. Ng3 Rge8
34. f5 Bf8 35. Kf3 Rd7 36. Rc1 Rb8 37. Rgg1 Nb4 38. Ke2 Rd5 39. fxe6+ Kxe6 40.
Nd2 Kf7 41. Nde4 1/2-1/2

[Event "Russian Superfinal 2015"]
[Site "Chita RUS"]
[Date "2015.08.17"]
[Round "8"]
[White "Motylev, A."]
[Black "Khismatullin, D."]
[Result "0-1"]
[WhiteElo "2658"]
[BlackElo "2642"]
[PlyCount "80"]
[EventDate "2015.08.09"]

1. e4 c5 2. Nf3 d6 3. d4 cxd4 4. Nxd4 Nf6 5. Nc3 a6 6. Bg5 Nbd7 7. Bc4 h6 8.
Bh4 g6 9. Qe2 Bg7 10. O-O-O O-O 11. f4 Qc7 12. f5 g5 13. Bg3 b5 14. Bb3 Bb7 15.
h4 g4 16. h5 Nc5 17. e5 dxe5 18. Bxe5 Qb6 19. Rh4 Kh7 20. Rxg4 Nxg4 21. Bxg7
Kxg7 22. Qxg4+ Kh8 23. Qe2 Nxb3+ 24. Nxb3 Qf6 25. Na5 Qg5+ 26. Rd2 b4 27. Na4
Bd5 28. c4 bxc3 29. Nxc3 Rac8 30. Kd1 Rfd8 31. Ke1 Qh4+ 32. Qf2 Qh1+ 33. Qf1
Qxf1+ 34. Kxf1 Bxa2 35. Rxd8+ Rxd8 36. Nc6 Bc4+ 37. Ke1 Rd3 38. Kf2 Rd2+ 39.
Ke3 Rxb2 40. Ne5 Bb3 0-1

[Event "Russian Superfinal 2015"]
[Site "Chita RUS"]
[Date "2015.08.18"]
[Round "9"]
[White "Lysyj, I."]
[Black "Motylev, A."]
[Result "1/2-1/2"]
[WhiteElo "2673"]
[BlackElo "2658"]
[PlyCount "85"]
[EventDate "2015.08.09"]

1. d4 Nf6 2. c4 e6 3. Nf3 d5 4. Nc3 c6 5. e3 Nbd7 6. Qc2 Bd6 7. Bd3 O-O 8. O-O
e5 9. cxd5 cxd5 10. e4 exd4 11. Nxd5 Nxd5 12. exd5 h6 13. b3 Nf6 14. Bb2 Nxd5
15. Qc4 Bg4 16. Qxd4 Nf6 17. Be4 Qd7 18. h3 Bh5 19. Nh4 Rad8 20. Bf3 Bxf3 21.
Nxf3 a6 22. Rad1 Rfe8 23. Rfe1 Bc7 24. Qxd7 Rxe1+ 25. Nxe1 Rxd7 26. Rxd7 Nxd7
27. Nd3 f5 28. f3 Kf7 29. g4 g6 30. Kf2 h5 31. gxf5 gxf5 32. Ke3 Bb6+ 33. Bd4
Bd8 34. Ke2 Bc7 35. Ke3 Bd8 36. Bb2 Bg5+ 37. Ke2 Ke6 38. Bc3 f4 39. a4 Kf5 40.
Bd2 Bh6 41. Bb4 Bg7 42. Bd6 Be5 43. Bxe5 1/2-1/2